[Event "2R-LV-P.D.-Santurtzi - Abadiño: 0-4"]
[Site "Bergara"]
[Date "2019.01.19"]
[Round "2.1"]
[White "Besga lopez, Jose angel"]
[Black "Lagos Lejarraga, Jon"]
[Result "0-1"]
[WhiteElo "2052"]
[BlackElo "2087"]
[PlyCount "86"]
[EventDate "2019.01.12"]
[WhiteTeam "Abadiño"]
[BlackTeam "Santurtzi"]

1. e4 c5 2. d4 cxd4 3. c3 d5 4. exd5 Qxd5 5. cxd4 e6 6. Nf3 Nf6 7. Bd3 Be7 8.
Nc3 Qd8 9. O-O O-O 10. Bf4 Nc6 11. Rc1 Nb4 12. Bb1 b6 13. Re1 Bb7 14. Be5 Rc8
15. a3 Nbd5 16. Nxd5 Qxd5 17. Qa4 Rxc1 18. Rxc1 a6 19. Qc2 Rc8 20. Qxc8+ Bxc8
21. Rxc8+ Bf8 22. h3 Nd7 23. Rd8 f6 24. Bf4 Kf7 25. Bd3 b5 26. Bf1 Qb7 27. Bd2
Ke7 28. Ba5 Nb8 29. d5 exd5 30. Nd4 Nc6 31. Nxc6+ Qxc6 32. Rb8 Kf7 33. Rb6 Qc8
34. b4 d4 35. a4 bxa4 36. Rxa6 a3 37. Ra7+ Ke6 38. Rc7 Qb8 39. g4 Bxb4 40. Bc4+
Kd6 41. Bxb4+ Qxb4 42. Rc8 Qb1+ 43. Kg2 Qb7+ 0-1

[Event "2R-LV-P.D.-Santurtzi - Abadiño: 0-4"]
[Site "Bergara"]
[Date "2019.01.19"]
[Round "2.1"]
[White "Reguillaga Elias, Manex"]
[Black "Rodriguez Avila, Alvaro"]
[Result "1-0"]
[WhiteElo "1876"]
[BlackElo "1493"]
[PlyCount "54"]
[EventDate "2019.01.12"]
[WhiteTeam "Santurtzi"]
[BlackTeam "Abadiño"]

1. d4 Nf6 2. c4 g6 3. Nc3 Bg7 4. e4 d6 5. Nf3 O-O 6. Be2 e5 7. O-O Nc6 8. d5
Ne7 9. Ne1 Nd7 10. Be3 f5 11. f3 f4 12. Bf2 Nf6 13. c5 g5 14. g4 h5 15. h3 Ng6
16. Nd3 Rf7 17. Kg2 Bf8 18. Rg1 Nh4+ 19. Bxh4 gxh4 20. cxd6 Bxd6 21. Nb5 Rg7
22. Nxd6 cxd6 23. Kh2 hxg4 24. hxg4 Nh7 25. Nf2 h3 26. Nxh3 Ng5 27. Nxg5 Qxg5 {
(Ilegible)} 1-0





[---------2R-LV-2019-P.D.-Conteneo - Oberena 'B: 3'5-0'5-----------------------------------------]

[Event "2R-LV-P.D.-Conteneo - Oberena 'B: 3'5-0'5"]
[Site "Bergara"]
[Date "2019.01.19"]
[Round "2.4"]
[White "Varas, Carlos"]
[Black "Del Carmen Hernandez, Aimer"]
[Result "1-0"]
[WhiteElo "2252"]
[BlackElo "1913"]
[PlyCount "74"]
[EventDate "2019.01.12"]
[WhiteTeam "Conteneo"]
[BlackTeam "Oberena "]

1. e4 c5 2. Nf3 Nc6 3. Nc3 g6 4. d4 cxd4 5. Nxd4 Bg7 6. Nb3 Nf6 7. Be2 d6 8.
O-O h5 9. Bg5 O-O 10. Qd2 Kh7 11. f4 Bd7 12. Kh1 Rc8 13. Rad1 Bg4 14. Bxg4 hxg4
15. Qe2 g3 16. Bxf6 Bxf6 17. e5 Bg7 18. Ne4 gxh2 19. exd6 Bxb2 20. c3 Ba3 21.
dxe7 Qxe7 22. Rd7 Qh4 23. g3 Qh6 24. Rxb7 Kg7 25. Ng5 Be7 26. Rxe7 Nxe7 27.
Qxe7 Kg8 28. Ne4 Qh3 29. Rf2 Rcd8 30. Nbd2 Rb8 31. Qe5 Rfd8 32. Rf1 Rb2 33. Nf2
Qxg3 34. Nde4 Qe3 35. Kxh2 Rbb8 36. Rg1 Rdc8 37. Rg3 Qe2 1-0

[Event "2R-LV-P.D.-Conteneo - Oberena 'B: 3'5-0'5"]
[Site "Bergara"]
[Date "2019.01.19"]
[Round "2.4"]
[White "Garjon Modrego, Miguel"]
[Black "Sadusea, Johnny Fernando"]
[Result "0-1"]
[WhiteElo "1876"]
[BlackElo "2076"]
[PlyCount "61"]
[EventDate "2019.01.12"]
[WhiteTeam "Oberena "]
[BlackTeam "Conteneo"]

1. d4 Nf6 2. Nf3 e6 3. Bg5 d5 4. e3 c5 5. c3 Nc6 6. Bd3 Bd6 7. Nbd2 O-O 8. O-O
e5 9. dxe5 Nxe5 10. Nxe5 Bxe5 11. Qc2 h6 12. Bh4 Bxh2+ 13. Kh1 Bc7 14. Bf5 Bxf5
15. Qxf5 Qd7 16. Qf3 Qd6 17. Bg3 Qc6 18. Rfd1 Bxg3 19. Qxg3 Rad8 20. Nb3 Ne4
21. Qf3 Rd6 22. Rf1 Rf6 23. Qe2 Rxf2 24. Rxf2 Ng3+ 25. Kg1 Nxe2+ 26. Rxe2 Re8
27. Rf1 b6 28. Rf3 Qa4 29. Nc1 Qg4 30. Rf4 Qg5 31. Kf2 {(Ilegible)} 0-1

[Event "2R-LV-P.D.-Conteneo - Oberena 'B: 3'5-0'5"]
[Site "Bergara"]
[Date "2019.01.19"]
[Round "2.4"]
[White "Sanz Castillo, Santiago"]
[Black "Pascual Garcia, Martin"]
[Result "1-0"]
[WhiteElo "2091"]
[BlackElo "1886"]
[PlyCount "20"]
[EventDate "2019.01.12"]
[WhiteTeam "Conteneo"]
[BlackTeam "Oberena "]

1. e4 c5 2. Nf3 Nc6 3. d4 cxd4 4. Nxd4 Nf6 5. Nc3 d6 6. Bg5 e6 7. Qd2 a6 8.
O-O-O h6 9. Bf4 Bd7 10. Nb3 e5 {(Ilegible)} 1-0

[Event "2R-LV-P.D.-Conteneo - Oberena 'B: 3'5-0'5"]
[Site "Bergara"]
[Date "2019.01.19"]
[Round "2.4"]
[White "Atipov Hadzhiev, Cristian"]
[Black "Valdezate Suarez, Fernando"]
[Result "1/2-1/2"]
[WhiteElo "1751"]
[BlackElo "1906"]
[PlyCount "40"]
[EventDate "2019.01.12"]
[WhiteTeam "Oberena "]
[BlackTeam "Conteneo"]

1. e4 g6 2. d4 Bg7 3. Nc3 c6 4. Be2 d5 5. Nf3 Bg4 6. exd5 cxd5 7. Ne5 Bxe2 8.
Nxe2 Nc6 9. Nxc6 bxc6 10. c3 Nf6 11. Ng3 Qc7 12. Be3 O-O 13. O-O Rfe8 14. h3 e5
15. dxe5 Qxe5 16. Bd4 Qc7 17. Qf3 Re6 18. Rfe1 Rae8 19. Rxe6 Rxe6 20. b4 Ne4
1/2-1/2





[---------2R-LV-2019-P.D.-Arrasate/Arlutz - Danubio: 2-2-------------------------------------------------------]

[Event "2R-LV-P.D.-Arrasate/Arlutz - Danubio: 2-2"]
[Site "Bergara"]
[Date "2019.01.19"]
[Round "2.5"]
[White "Gonzalez Martinez, Miguel Angel"]
[Black "Etxagibel Larranaga, Asier"]
[Result "1/2-1/2"]
[WhiteElo "2169"]
[BlackElo "2124"]
[PlyCount "52"]
[EventDate "2019.01.12"]
[WhiteTeam "Danubio"]
[BlackTeam "Arrasate"]

1. d4 d5 2. Bf4 Nf6 3. e3 c5 4. c3 Nc6 5. Nd2 Bf5 6. Ngf3 e6 7. Nh4 Bg6 8. Nxg6
hxg6 9. Qb3 Qd7 10. h3 c4 11. Qc2 Bd6 12. Bxd6 Qxd6 13. e4 Qe7 14. e5 Nd7 15.
b3 cxb3 16. axb3 O-O 17. Be2 Rfc8 18. Qd3 Rc7 19. O-O Rac8 20. Qg3 a6 21. h4 b5
22. b4 a5 23. Bxb5 axb4 24. Bxc6 Rxc6 25. cxb4 Qxb4 26. Nf3 Nb6 1/2-1/2

[Event "2R-LV-P.D.-Arrasate/Arlutz - Danubio: 2-2"]
[Site "Bergara"]
[Date "2019.01.19"]
[Round "2.5"]
[White "Alcaide Luque, Aitor"]
[Black "Gete Rodriguez, Isidro"]
[Result "1/2-1/2"]
[WhiteElo "2112"]
[BlackElo "2126"]
[PlyCount "77"]
[EventDate "2019.01.12"]
[WhiteTeam "Arrasate"]
[BlackTeam "Danubio"]

1. d4 d5 2. c4 c6 3. Nf3 Nf6 4. e3 Bg4 5. Qb3 Qb6 6. c5 Qc7 7. Ne5 Bf5 8. Bd3
Bxd3 9. Qxd3 Nbd7 10. f4 Ne4 11. Nd2 Ndf6 12. Ndf3 e6 13. O-O Be7 14. Bd2 O-O
15. Rfb1 Nd7 16. b4 f6 17. Nxd7 Qxd7 18. Bc3 Bd8 19. Nd2 Nxd2 20. Qxd2 Bc7 21.
Qb2 Rae8 22. Rf1 Rf7 23. Rf2 Rfe7 24. Raf1 a6 25. a4 e5 26. dxe5 fxe5 27. fxe5
Re6 28. Rf3 Qe7 29. Qf2 Bxe5 30. Bxe5 Rxe5 31. Rf7 Qd8 32. Qg3 g6 33. Qf4 Rf5
34. Rxf5 gxf5 35. Qg3+ Kh8 36. Rxf5 Qe7 37. Qf2 Kg8 38. Rf3 Qe5 39. h3 1/2-1/2

[Event "2R-LV-P.D.-Arrasate/Arlutz - Danubio: 2-2"]
[Site "Bergara"]
[Date "2019.01.19"]
[Round "2.5"]
[White "Omella Sieso, Cesar"]
[Black "Hernando Casas, Jose Manuel"]
[Result "1/2-1/2"]
[WhiteElo "1837"]
[BlackElo "1985"]
[PlyCount "80"]
[EventDate "2019.01.12"]
[WhiteTeam "Danubio"]
[BlackTeam "Arrasate"]

1. e4 e6 2. d4 d5 3. e5 c5 4. c3 Qb6 5. Nf3 Bd7 6. a3 cxd4 7. cxd4 Bb5 8. Bd3
Bxd3 9. Qxd3 Qa6 10. Qxa6 Nxa6 11. O-O Ne7 12. Nc3 Rc8 13. Nb5 Nc6 14. Bd2 Be7
15. Rfc1 O-O 16. Kf1 Nab8 17. b4 Nd7 18. Be3 Nb6 19. Ke2 a6 20. Nc3 f6 21. Kd3
Nc4 22. exf6 gxf6 23. Bh6 Rfe8 24. Re1 Kf7 25. Re2 Bxb4 26. Nxd5 exd5 27. Rxe8
Rxe8 28. axb4 Nxb4+ 29. Kc3 Nc6 30. Re1 Ra8 31. g4 Re8 32. Rxe8 Kxe8 33. Ne1 b5
34. Nd3 a5 35. Nf4 b4+ 36. Kd3 Nb6 37. Bg7 Kf7 38. Nh5 Nd7 39. Bh6 Ne7 40. Bd2
f5 1/2-1/2













[-1R-LV-2019-P.D.-Abadiño - Arrasate/Arlutz: 1'5-2'5-]
[-1R-LV-2019-P.D.-Danubio - Conteneo: 1'5-2'5-]
[-1R-LV-2019-P.D.-Oberena'B - Egidazu/B. Gorbea: 3-1-]
[-1R-LV-2019-P.D.-Gros 'B - Santurtzi: 2'5-1'5-]



[---------1R-LV-2019-P.D.-Abadiño - Arrasate/Arlutz: 1'5-2'5---------------------------------------------------------------]

[Event "1R-LV-P.D.-Abadiño - Arrasate/Arlutz: 1'5-2'5"]
[Site "Bergara"]
[Date "2019.01.12"]
[Round "1.1"]
[White "Prieto Aranguren, Alain"]
[Black "Miguel Quintero, Antonio"]
[Result "1/2-1/2"]
[WhiteElo "2235"]
[BlackElo "2188"]
[PlyCount "47"]
[EventDate "2019.01.12"]
[WhiteTeam "Arrasate"]
[BlackTeam "Abadiño"]

1. d4 g6 2. c4 Bg7 3. e4 d6 4. Be3 Nc6 5. Nc3 Nf6 6. h3 e5 7. d5 Ne7 8. g4 h5
9. g5 Nd7 10. h4 b6 11. Nge2 a5 12. Nc1 O-O 13. Nd3 f5 14. f3 Ba6 15. b3 fxe4
16. fxe4 Nc5 17. Be2 Qd7 18. Qc2 c6 19. Nxc5 bxc5 20. O-O-O cxd5 21. cxd5 Bxe2
22. Qxe2 Rac8 23. Kb1 Rb8 24. Ka1 {(Ilegible)} 1/2-1/2

[Event "1R-LV-P.D.-Abadiño - Arrasate/Arlutz: 1'5-2'5"]
[Site "Bergara"]
[Date "2019.01.12"]
[Round "1.1"]
[White "Lagos Lejarraga, Jon"]
[Black "Alcaide Luque, Aitor"]
[Result "1-0"]
[WhiteElo "2087"]
[BlackElo "2112"]
[PlyCount "51"]
[EventDate "2019.01.12"]
[WhiteTeam "Arrasate"]
[BlackTeam "Abadiño"]

1. e4 e6 2. d4 d5 3. Nd2 Nc6 4. Ngf3 Nf6 5. e5 Nd7 6. c3 f6 7. exf6 Qxf6 8. Bd3
Bd6 9. Nf1 e5 10. Bg5 Qf7 11. Bh4 h6 12. Bc2 O-O 13. Ne3 Nb6 14. Nxe5 Nxe5 15.
dxe5 Bxe5 16. O-O g6 17. Qd3 Bf5 18. Nxf5 gxf5 19. Rae1 Rae8 20. f4 Bd6 21.
Rxe8 Qxe8 22. Rf3 Bc5+ 23. Kh1 c6 24. b4 Bd6 25. Rg3+ Kh7 26. Qxf5+ 1-0

[Event "1R-LV-P.D.-Abadiño - Arrasate/Arlutz: 1'5-2'5"]
[Site "Bergara"]
[Date "2019.01.12"]
[Round "1.1"]
[White "Hernando Casas, Jose Manuel"]
[Black "Reguillaga Elias, Manex"]
[Result "1-0"]
[WhiteElo "1985"]
[BlackElo "1876"]
[PlyCount "37"]
[EventDate "2019.01.12"]
[WhiteTeam "Abadiño"]
[BlackTeam "Arrasate"]

1. e4 e6 2. d4 d5 3. Nc3 Nf6 4. e5 Nfd7 5. f4 c5 6. Nf3 Nc6 7. Be3 g6 8. Ne2 b5
9. b3 Nb6 10. dxc5 Nc4 11. Bd4 Nxd4 12. Qxd4 Qc7 13. b4 g5 14. Ng3 Be7 15. Bxc4
bxc4 16. O-O Bd7 17. Kh1 O-O 18. Rfe1 Rfb8 19. c3 {(Ilegible)} 1-0








[---------1R-LV-2019-P.D.-Danubio - Conteneo: 1'5-2'5---------------------------------------------------------------]

[Event "1R-LV-P.D.-Danubio - Conteneo: 1'5-2'5"]
[Site "Bergara"]
[Date "2019.01.12"]
[Round "1.2"]
[White "Gonzalez Martinez, Miguel Angel"]
[Black "Varas, Carlos"]
[Result "1/2-1/2"]
[WhiteElo "2169"]
[BlackElo "2252"]
[PlyCount "83"]
[EventDate "2019.01.12"]
[WhiteTeam "Danubio"]
[BlackTeam "Conteneo"]

1. d4 Nf6 2. Nf3 b6 3. Bf4 e6 4. e3 Bb7 5. Bd3 Be7 6. h3 d6 7. Nbd2 c5 8. O-O
O-O 9. Re1 Nc6 10. c3 Rc8 11. Qe2 cxd4 12. exd4 Re8 13. Ne4 Nxe4 14. Bxe4 Bf6
15. Rad1 Qc7 16. Bb1 g6 17. d5 exd5 18. Qxe8+ Rxe8 19. Rxe8+ Kg7 20. Rxd5 Ne5
21. Nxe5 Bxd5 22. Ng4 g5 23. Nxf6 Kxf6 24. Be3 Kg7 25. Bd4+ f6 26. Bf5 Bxa2 27.
Rc8 Qe7 28. c4 Bb1 29. Bxb1 Qe1+ 30. Kh2 Qxb1 31. Rc7+ Kg6 32. Rxa7 Qe4 33.
Bxb6 Qe5+ 34. g3 Qxb2 35. Be3 h5 36. Ra5 Kf7 37. Rd5 Ke6 38. Rd4 Qb7 39. h4 Qf3
40. Kg1 Kf5 41. Kh2 Ke6 42. Kg1 1/2-1/2

[Event "1R-LV-P.D.-Danubio - Conteneo: 1'5-2'5"]
[Site "Bergara"]
[Date "2019.01.12"]
[Round "1.2"]
[White "Sadusea, Johnny Fernando"]
[Black "Gete Rodriguez, Isidro"]
[Result "1-0"]
[WhiteElo "2076"]
[BlackElo "2126"]
[PlyCount "79"]
[EventDate "2019.01.12"]
[WhiteTeam "Conteneo"]
[BlackTeam "Danubio"]

1. e4 c5 2. Nf3 Nc6 3. d4 cxd4 4. Nxd4 e5 5. Nb5 d6 6. N1c3 a6 7. Na3 Be7 8.
Be3 Be6 9. Nc4 b5 10. Nb6 Rb8 11. Ncd5 Nf6 12. Nxf6+ Bxf6 13. Nd5 Bxd5 14. Qxd5
Ne7 15. Qd2 d5 16. Bd3 d4 17. Bg5 Ng6 18. Bxf6 Qxf6 19. O-O h5 20. Rfe1 h4 21.
Bf1 Nf4 22. c3 Rd8 23. a4 O-O 24. axb5 axb5 25. g3 dxc3 26. Qxc3 Ne6 27. Ra6
Rc8 28. Qe3 Rc2 29. Re2 Rc7 30. Bh3 Rd8 31. Bxe6 fxe6 32. Kg2 Rcd7 33. Ra3 b4
34. Rb3 Rd1 35. h3 hxg3 36. Qxg3 Rb1 37. Rf3 Qh6 38. Qxe5 Rdd1 39. Rg3 Rg1+ 40.
Kf3 1-0

[Event "1R-LV-P.D.-Danubio - Conteneo: 1'5-2'5"]
[Site "Bergara"]
[Date "2019.01.12"]
[Round "1.2"]
[White "Omella Sieso, Cesar"]
[Black "Sanz Castillo, Santiago"]
[Result "1-0"]
[WhiteElo "1837"]
[BlackElo "2091"]
[PlyCount "46"]
[EventDate "2019.01.12"]
[WhiteTeam "Danubio"]
[BlackTeam "Conteneo"]

1. e4 Nf6 2. e5 Nd5 3. d4 d6 4. Bc4 Nb6 5. Bb3 g6 6. Nf3 Bg7 7. e6 fxe6 8. Ng5
d5 9. Qf3 Rf8 10. Qe2 Qd6 11. c3 e5 12. dxe5 Bxe5 13. Nf3 Bg7 14. Bg5 Bg4 15.
Nbd2 Nc6 16. h3 Bf5 17. O-O O-O-O 18. Bh4 Rde8 19. Bg3 e5 20. Rfd1 Qc5 21. Nf1
e4 22. Nd4 Nxd4 23. cxd4 Bxd4 1-0

[Event "1R-LV-P.D.-Danubio - Conteneo: 1'5-2'5"]
[Site "Bergara"]
[Date "2019.01.12"]
[Round "1.2"]
[White "Valdezate Suarez, Fernando"]
[Black "Gomez Fernandez, Fulgencio"]
[Result "1-0"]
[WhiteElo "1906"]
[BlackElo "1787"]
[PlyCount "118"]
[EventDate "2019.01.12"]
[WhiteTeam "Conteneo"]
[BlackTeam "Danubio"]

1. d4 d6 2. c4 Nf6 3. Nc3 Nbd7 4. e4 e5 5. d5 c6 6. Nf3 Be7 7. Be2 h6 8. Qc2 a5
9. O-O O-O 10. b3 Qc7 11. Ba3 Nc5 12. Bxc5 dxc5 13. dxc6 bxc6 14. Rad1 Bg4 15.
Nh4 Be6 16. Nf5 Bxf5 17. exf5 Rfd8 18. Bf3 Rxd1 19. Rxd1 Rd8 20. Rxd8+ Qxd8 21.
Bxc6 Qd4 22. g3 Ng4 23. Ne4 Nf6 24. Nd2 Ng4 25. Nf3 Qa1+ 26. Kg2 Bg5 27. Nxg5
hxg5 28. h3 Nf6 29. Qd2 Qd4 30. Qxg5 Qb2 31. Qe3 Qd4 32. Qxd4 exd4 33. Kf3 Kf8
34. Ke2 Ke7 35. Kd3 Kd6 36. Bg2 Ke5 37. g4 Kf4 38. a3 Nd7 39. Bd5 f6 40. b4
axb4 41. axb4 Ne5+ 42. Kd2 cxb4 43. c5 Nd7 44. c6 Nb6 45. c7 Ke5 46. Be6 Kf4
47. c8=Q Nxc8 48. Bxc8 Kf3 49. Kd3 b3 50. Kxd4 b2 51. Bb7+ Kxf2 52. Be4 Kg3 53.
Kd5 Kxh3 54. Ke6 Kxg4 55. Kf7 Kh5 56. Kxg7 Kg5 57. Bb1 Kh5 58. Kxf6 Kh6 59. Ke7
Kg7 1-0








[---------1R-LV-2019-P.D.-Oberena'B - Egidazu/B. Gorbea: 3-1---------------------------------------------------------------]

[Event "1R-LV-P.D.-Oberena'B - Egidazu/B. Gorbea: 3-1"]
[Site "Bergara"]
[Date "2019.01.12"]
[Round "1.3"]
[White "Vinal Gutierrez, Pedro"]
[Black "Arnal Iturgaitz, Aitor"]
[Result "1-0"]
[WhiteElo "1997"]
[BlackElo "2060"]
[PlyCount "100"]
[EventDate "2019.01.12"]
[WhiteTeam "Oberena "]
[BlackTeam "Egidazu"]

1. d4 Nf6 2. Bf4 d6 3. e3 g6 4. h3 Bg7 5. Nf3 b6 6. c3 Bb7 7. Nbd2 Nbd7 8. Bc4
O-O 9. O-O Qe8 10. b4 e5 11. Bh2 Qe7 12. Qb3 e4 13. Ne1 c5 14. bxc5 dxc5 15. a4
a6 16. Nc2 Ne8 17. Be2 Rc8 18. Rac1 Kh8 19. Rfe1 f5 20. f4 Nd6 21. Na3 Nf6 22.
Nf1 Nd5 23. Nc4 Nxc3 24. Nxb6 Nxe2+ 25. Rxe2 c4 26. Nxc8 Rxc8 27. Qb4 Bf8 28.
Bg3 Qc7 29. Qc3 Bd5 30. Bh4 Kg7 31. Be1 Qd7 32. Ra2 Nb7 33. Raa1 Nd8 34. Nd2
Qe6 35. Rab1 Nc6 36. a5 Na7 37. Rb6 Nb5 38. Qa1 Qd7 39. Nb1 Bd6 40. Nc3 Bc7 41.
Na4 Qd8 42. Rxa6 Bb7 43. Re6 Bd5 44. Nc5 Kg8 45. Ra6 Qe8 46. Qa4 Bd6 47. Rb6
Bxc5 48. Qxb5 Qxb5 49. Rxb5 Ba3 50. Rc3 Bc6 1-0

[Event "1R-LV-P.D.-Oberena'B - Egidazu/B. Gorbea: 3-1"]
[Site "Bergara"]
[Date "2019.01.12"]
[Round "1.3"]
[White "Arce Balluerca, Jorge"]
[Black "Yaben Munoz, Javier"]
[Result "1-0"]
[WhiteElo "1933"]
[BlackElo "2001"]
[PlyCount "41"]
[EventDate "2019.01.12"]
[WhiteTeam "Egidazu"]
[BlackTeam "Oberena "]

1. Nf3 d5 2. g3 Nd7 3. d4 e6 4. Bg2 Bd6 5. O-O Ngf6 6. c4 c6 7. Nbd2 O-O 8. e4
Nxe4 9. Nxe4 dxe4 10. Ng5 e5 11. Nxe4 Bc7 12. d5 cxd5 13. cxd5 f5 14. d6 Bb6
15. Ng5 Qe8 16. Ne6 Rf6 17. Nc7 Bxc7 18. dxc7 Kh8 19. Bg5 Rb6 20. Be3 Rf6 21.
Qa4 1-0

[Event "1R-LV-P.D.-Oberena'B - Egidazu/B. Gorbea: 3-1"]
[Site "Bergara"]
[Date "2019.01.12"]
[Round "1.3"]
[White "Aguinaga Ruiz, Jesus Luis"]
[Black "Gomez Calvo, Jose Ricardo"]
[Result "1-0"]
[WhiteElo "1886"]
[BlackElo "1919"]
[PlyCount "117"]
[EventDate "2019.01.12"]
[WhiteTeam "Oberena "]
[BlackTeam "Egidazu"]

1. d4 d5 2. Bf4 c5 3. e3 Nf6 4. Nf3 Bf5 5. c3 Qb6 6. Qb3 c4 7. Qxb6 axb6 8. Na3
Bd7 9. Be2 e6 10. Nc2 Nc6 11. O-O Be7 12. Ne5 Nxe5 13. dxe5 Ne4 14. f3 Nc5 15.
Nd4 b5 16. a3 O-O 17. Rad1 Rfd8 18. g4 Bc6 19. Bg3 Na4 20. Rd2 Bc5 21. f4 f5
22. gxf5 Bxd4 23. exd4 exf5 24. Bd1 Kf7 25. Kf2 Ke6 26. Rg1 g6 27. Bh4 Rg8 28.
Ke3 Bd7 29. Bf6 Be8 30. Rdg2 Bf7 31. Bg5 Be8 32. Bh6 Bf7 33. Bf3 Rgd8 34. Rb1
Nb6 35. Rg3 Rdc8 36. Rh3 Na4 37. Kd2 Nb6 38. Kc2 Na4 39. Rg1 Nb6 40. Rhg3 Rg8
41. Rg5 Rac8 42. Kc1 Ra8 43. Bd1 Na4 44. Bc2 Rac8 45. h4 Ra8 46. h5 Rac8 47.
Rh1 Ra8 48. hxg6 hxg6 49. Rg3 Rh8 50. Rgh3 Rh7 51. Bg5 Rxh3 52. Rxh3 Rc8 53.
Bf6 Nb6 54. Rh7 Nd7 55. Bg5 Nb6 56. Bxf5+ Kxf5 57. Rxf7+ Ke4 58. Rxb7 Na4 59.
Rh7 1-0

[Event "1R-LV-P.D.-Oberena'B - Egidazu/B. Gorbea: 3-1"]
[Site "Bergara"]
[Date "2019.01.12"]
[Round "1.3"]
[White "Veiga Ramil, Jesus Angel"]
[Black "Habans Aguerrea, Javier"]
[Result "0-1"]
[WhiteElo "1712"]
[BlackElo "1882"]
[PlyCount "77"]
[EventDate "2019.01.12"]
[WhiteTeam "Egidazu"]
[BlackTeam "Oberena "]

1. Nf3 d5 2. e3 c5 3. b3 Nc6 4. Bb2 Qc7 5. d4 cxd4 6. exd4 Nf6 7. Be2 Bf5 8.
O-O e6 9. Nbd2 Bd6 10. c4 Ne4 11. Rc1 Nxd2 12. Nxd2 Bxh2+ 13. Kh1 Bf4 14. cxd5
exd5 15. Bf3 Qd6 16. Re1+ Kf8 17. Nf1 Bxc1 18. Bxc1 Be6 19. Be3 f6 20. Qe2 Re8
21. g3 Kf7 22. Nh2 a6 23. Rc1 Bf5 24. Qb2 Be4 25. a3 Rc8 26. Bxe4 dxe4 27. b4
Ne7 28. Rd1 Nd5 29. Nf1 b5 30. Kg2 Rc6 31. Nd2 f5 32. Nb3 f4 33. Bxf4 Nxf4+ 34.
gxf4 Qxf4 35. Qe2 Qf3+ 36. Qxf3+ exf3+ 37. Kxf3 Rd8 38. Rd3 Rf6+ 39. Ke3 {
(Ilegible)} 0-1






[---------1R-LV-2019-P.D.-Gros 'B - Santurtzi: 2'5-1'5---------------------------------------------------------------]

[Event "1R-LV-P.D.-Gros 'B - Santurtzi: 2'5-1'5"]
[Site "Bergara"]
[Date "2019.01.12"]
[Round "1.5"]
[White "Etchegaray, Patrice"]
[Black "Alonso Alonso, Ivan"]
[Result "0-1"]
[WhiteElo "2329"]
[BlackElo "2106"]
[PlyCount "102"]
[EventDate "2019.01.12"]
[WhiteTeam "Gros "]
[BlackTeam "Santurtzi"]

1. d4 Nf6 2. Bg5 d5 3. Bxf6 gxf6 4. e3 c5 5. dxc5 Qa5+ 6. Nc3 e6 7. Qd4 Nc6 8.
Bb5 Bd7 9. Qxf6 Rg8 10. Nge2 Bxc5 11. O-O Be7 12. Qf3 O-O-O 13. Nd4 Ne5 14.
Bxd7+ Rxd7 15. Qh5 Bf6 16. a3 Qd8 17. Qe2 Kb8 18. Na4 Qc7 19. b4 Ng4 20. g3 b6
21. Rab1 Ka8 22. Rfd1 h5 23. Rb3 h4 24. Rc3 Qb8 25. Qf3 hxg3 26. hxg3 Qe5 27.
Kg2 Qg5 28. Rh1 e5 29. Nc6 e4 30. Qe2 Kb7 31. Nd4 Bxd4 32. exd4 e3 33. Rxe3
Nxe3+ 34. Qxe3 Qxe3 35. fxe3 Rc7 36. c3 Ka6 37. Rf1 Kb5 38. Nb2 Rxc3 39. Rxf7
Rxe3 40. Rf3 Re4 41. Nd1 Rxd4 42. Ne3 Rd2+ 43. Rf2 Rxf2+ 44. Kxf2 d4 45. Nf5
Kc4 46. Ke2 Kc3 47. Nd6 d3+ 48. Kd1 Rh8 49. Nb5+ Kc4 50. Nd6+ Kd4 51. Nb5+ Ke3
0-1

[Event "1R-LV-P.D.-Gros 'B - Santurtzi: 2'5-1'5"]
[Site "Bergara"]
[Date "2019.01.12"]
[Round "1.5"]
[White "Torres Novalbos, David"]
[Black "Manterola Ubillos, Josu"]
[Result "1/2-1/2"]
[WhiteElo "1990"]
[BlackElo "2003"]
[PlyCount "103"]
[EventDate "2019.01.12"]
[WhiteTeam "Santurtzi"]
[BlackTeam "Gros "]

1. e4 c5 2. Nf3 g6 3. c3 Bg7 4. d4 cxd4 5. cxd4 d5 6. e5 Bg4 7. Be2 Nc6 8. Nc3
Nh6 9. Qb3 O-O 10. Be3 Nf5 11. Rd1 e6 12. O-O Na5 13. Qb5 a6 14. Qd3 Nc4 15.
Bc1 b5 16. b3 Na5 17. Ba3 Re8 18. Ne1 Bxe2 19. Qxe2 Nb7 20. g4 Ne7 21. Nd3 Nc6
22. Nc5 Nxc5 23. Bxc5 Qc7 24. f4 Bf8 25. Qf2 Bxc5 26. dxc5 Rac8 27. a3 Qa5 28.
Rd3 Qxa3 29. Rh3 Nd8 30. Qh4 Qxc5+ 31. Kh1 Qb4 32. Rff3 Qc5 33. f5 exf5 34.
gxf5 h5 35. e6 Nxe6 36. fxe6 Rxe6 37. Qf4 Re1+ 38. Rf1 Rxf1+ 39. Qxf1 Qc6 40.
Rf3 d4 41. Ne2 d3 42. Nd4 Qe4 43. Qxd3 Rc1+ 44. Kg2 Qg4+ 45. Rg3 Qd1 46. Rxg6+
fxg6 47. Qxg6+ Kh8 48. Qe8+ Kg7 49. Qe7+ Kg6 50. Qe6+ Kh7 51. Qf7+ Kh8 52. Qf8+
1/2-1/2

[Event "1R-LV-P.D.-Gros 'B - Santurtzi: 2'5-1'5"]
[Site "Bergara"]
[Date "2019.01.12"]
[Round "1.5"]
[White "Iturralde Echeverria, Ivan"]
[Black "Cuero Reid, Maximo Javier"]
[Result "1-0"]
[WhiteElo "1937"]
[BlackElo "1762"]
[PlyCount "91"]
[EventDate "2019.01.12"]
[WhiteTeam "Gros "]
[BlackTeam "Santurtzi"]

1. e4 c5 2. Nc3 a6 3. a4 b6 4. f4 Bb7 5. Nf3 Nf6 6. Bc4 e6 7. e5 Ng4 8. O-O d5
9. exd6 Bxd6 10. d3 Nd7 11. Ne4 Ndf6 12. Nxd6+ Qxd6 13. Kh1 O-O 14. Qe2 Rad8
15. Bd2 Nh5 16. Ne5 Nxe5 17. fxe5 Qc6 18. Rf3 Rd4 19. Rg1 g6 20. Qf2 Qxa4 21.
Bb3 Qd7 22. Rh3 f6 23. Qe2 f5 24. Qf2 Rg4 25. Rh4 Kg7 26. Rxg4 fxg4 27. Bh6+
Kxh6 28. Qxf8+ Kg5 29. Qf2 Qg7 30. Qe3+ Nf4 31. Bxe6 Qe7 32. Bb3 Qf8 33. Rd1
Bxg2+ 34. Kg1 Kh5 35. e6 Bf3 36. Qe5+ g5 37. e7 Nh3+ 38. Kf1 Be2+ 39. Ke1 Qf1+
40. Kd2 Qxd1+ 41. Ke3 Nf4 42. e8=Q+ Kh4 43. Q8e7 Qg1+ 44. Ke4 Qg2+ 45. Kf5 Qf3
46. Qxg5+ 1-0

[Event "1R-LV-P.D.-Gros 'B - Santurtzi: 2'5-1'5"]
[Site "Bergara"]
[Date "2019.01.12"]
[Round "1.5"]
[White "Rodriguez Avila, Alvaro"]
[Black "Zuloaga Erauskin, Markel"]
[Result "0-1"]
[WhiteElo "1473"]
[BlackElo "1925"]
[PlyCount "128"]
[EventDate "2019.01.12"]
[WhiteTeam "Santurtzi"]
[BlackTeam "Gros "]

1. e4 e5 2. Nf3 d6 3. d4 exd4 4. Nxd4 Nf6 5. Nc3 Be7 6. Be3 Nc6 7. Qd2 a6 8.
Nxc6 bxc6 9. O-O-O Be6 10. h3 Qb8 11. f4 Qb4 12. Qd4 c5 13. Qxb4 cxb4 14. Nd5
Nxd5 15. exd5 Bd7 16. Bd3 O-O 17. Rhe1 Bh4 18. Re2 Rfe8 19. Bd4 Bg3 20. Rf1 Bb5
21. Rf3 Rxe2 22. Bxe2 Bxf4+ 23. Rxf4 Bxe2 24. Kd2 Bb5 25. Rg4 g6 26. Bf6 a5 27.
Re4 Rc8 28. Re7 Bc4 29. b3 Bxd5 30. g4 Be6 31. Ke3 h6 32. Kd4 g5 33. Kd3 Kh7
34. Ke4 Kg6 35. Bb2 h5 36. Kf3 Kh6 37. Kg3 Kg6 38. Kf3 h4 39. Kf2 c5 40. c4 Ra8
41. Ke3 a4 42. bxa4 Rxa4 43. Re8 Bxg4 44. hxg4 f6 45. Re6 Rxa2 46. Bxf6 Kf7 47.
Rxd6 h3 48. Be5 Ra3+ 49. Kf2 Ra2+ 50. Kg3 Re2 51. Ba1 h2 52. Rd1 b3 53. Rf1+
Ke6 54. Rf6+ Ke7 55. Rh6 b2 56. Bxb2 Rxb2 57. Rh5 Kf6 58. Rxh2 Rxh2 59. Kxh2
Ke5 60. Kg3 Ke4 61. Kg2 Kf4 62. Kf2 Kxg4 63. Ke3 Kf5 64. Kf3 Ke5 0-1